|
|
|
|
| LEADER |
00000nab a2200000uu 4500 |
| 001 |
vtls011516294 |
| 003 |
SK-MaSNL |
| 005 |
20260303162541.0 |
| 008 |
230302|1974 xo |||||||||||||||||slo| |
| 015 |
|
|
|a SNBRB
|
| 035 |
|
|
|a (urnnbn)urn:nbn:sk:snk:ar-001o96
|
| 035 |
|
|
|a (uuid)16136ab3-0ed2-4b92-9bc2-a3269cabb4d8
|
| 035 |
|
|
|a urn:nbn:sk:snk-abe5qz
|
| 040 |
|
|
|a SNKBUCL
|b slo
|c SNKBUCL
|e AACR2
|
| 041 |
0 |
|
|a slo
|
| 044 |
|
|
|a xo
|c SK
|
| 100 |
1 |
|
|a Vakulov, Sergej
|4 aut
|9 1186040
|
| 245 |
1 |
0 |
|a PODIŠIEL SOM K STOHU
|c Sergej Vakulov, Michal Chuda
|
| 700 |
1 |
|
|a Chuda, Michal,
|d 1947-
|4 trl
|9 109482
|
| 773 |
0 |
|
|t Slovenské pohľady
|g Roč. 90, č. 11 (1974), s. 19-20
|
| 958 |
|
|
|a OND
|
| 958 |
|
|
|a EUIPO
|
| 958 |
|
|
|a article21
|
| 999 |
|
|
|c 2055310
|d 2057240
|